What is narrative research? (Record no. 1655)

MARC details
000 -LEADER
fixed length control field 00489nam a2200169Ia 4500
008 - FIXED-LENGTH DATA ELEMENTS--GENERAL INFORMATION
fixed length control field 230917s9999||||xx |||||||||||||| ||und||
020 ## - ISBN
Price RS 499.00
040 ## - CATALOGING SOURCE
-- 5015829
Original cataloging agency VIVEKANANDA LIBRARY
041 ## - Language
-- English
082 ## - DDC NUMBER
Classification number 300.723 S58W
100 ## - MAIN ENTRY--PERSONAL NAME
Personal name Squire, Corinne
245 #0 - TITLE STATEMENT
Title What is narrative research?
260 ## - PUBLICATION, DISTRIBUTION, ETC. (IMPRINT)
Place of publication, distribution, etc New Delhi
Name of publisher, distributor, etc Bloomsbury Academic India
Date of publication, distribution, etc 2018
300 ## - PHYSICAL DESCRIPTION
Pages x, 153 p.
500 ## - GENERAL NOTE
General note 4009 29/01/2020 RK20/3244 29/01/2020 Ch. Ranbir Singh Institute of Social and
942 ## - ADDED ENTRY ELEMENTS (KOHA)
Koha item type Books
Holdings
Withdrawn status Lost status Damaged status Not for loan Location (home branch) Sublocation or collection (holding branch) Shelving location Date acquired Koha issues (times borrowed) Koha full call number Accession No. Koha date last seen Koha item type
        VIVEKANANDA LIBRARY VIVEKANANDA LIBRARY Chaudhry Ranbir Singh Inst. of Social and Economic Change 13/02/2020   300.723 S58W 396413 17/09/2023 Books
© Designed and Maintained by Vivekananda Library, MDU Rohtak